000 00540nam a2200217 a 4500
999 _c4017
_d4017
001 4017
003 BD-JhCC
005 20171121095521.0
008 171121s1910 n a|||| || | 001 0 eng d
035 _a(BD-JhCC)4017
040 _aBD-JhCC
_dBD-JhCC
041 _aeng
082 _a920
_bBAR 1910
100 _aBarrows, Marjorie
245 _aLeaders and Heroes /
_cMarjorie Barrows,
260 _aChicago :
_bThe Spencer Press, Inc.
_c1910
300 _a372 p. :
_c22 cm.
650 _aBiography
942 _2ddc
_cBK